[Event "zt 1.1"]
[Site "Mondariz ESP"]
[Date "2000.09.04"]
[Round "2"]
[White "Vallejo Pons,F"]
[Black "Fernando,D"]
[Result "1-0"]
[WhiteElo "2554"]
[BlackElo "2257"]

1.d4 f5 2.g3 Nf6 3.Bg2 g6 4.Nf3 Bg7 5.O-O O-O 6.c4 d6 7.d5 c6 8.Nd4 Qe8 9.Nc3 Bd7
10.b4 Na6 11.dxc6 bxc6 12.b5 cxb5 13.Bxa8 Qxa8 14.cxb5 Nc5 15.f3 Nd5 16.Nxd5 Qxd5
17.Be3 Ne6 18.Nxe6 Qxe6 19.Bd4 Bxb5 20.Bxg7 Qe3+ 21.Rf2 Kxg7 22.Qc2 a6 23.a4 Qd4
24.Ra3 Bc4 25.e4 e6 26.Qc3 Qxc3 27.Rxc3 d5 28.exd5 exd5 29.Rb2 Re8 30.Kf2 Re7
31.Rc1 Bd3 32.Rd1 Bc4 33.Re1 Rf7 34.f4 Bd3 35.Ke3 Re7+ 36.Kd2 Be4 37.Rb6 d4
38.a5 Ra7 39.h3 h6 40.Rc1 Kh7 41.Rb4 d3 42.Rbc4  1-0

[Event "zt 1.1"]
[Site "Mondariz ESP"]
[Date "2000.09.06"]
[Round "4"]
[White "Vallejo Pons,F"]
[Black "Bellini,F"]
[Result "1-0"]
[WhiteElo "2554"]
[BlackElo "2484"]

1.e4 e5 2.Nf3 d6 3.d4 Nd7 4.Nc3 Ngf6 5.Bc4 Be7 6.O-O O-O 7.Re1 c6 8.a4 b6
9.d5 cxd5 10.Bxd5 Nxd5 11.Nxd5 Nc5 12.Be3 Nxe4 13.Bxb6 axb6 14.Rxe4 Bb7 15.Rb4 Ra5
16.Nxe7+ Qxe7 17.Rxb6 e4 18.Nd4 e3 19.f3 Rh5 20.Rb5 f5 21.Qe1 e2 22.Nxe2 Re8
23.Qf2 Bc6 24.Nf4 Rg5 25.Rb6 Qe5 26.h4 Qxf4 27.hxg5 Bxa4 28.b3 Bd7 29.Rd1  1-0

[Event "zt 1.1"]
[Site "Mondariz ESP"]
[Date "2000.09.07"]
[Round "5"]
[White "Fressinet,L"]
[Black "Vallejo Pons,F"]
[Result "1/2-1/2"]
[WhiteElo "2536"]
[BlackElo "2554"]

1.e4 e6 2.d4 d5 3.Nc3 Nf6 4.Bg5 Bb4 5.e5 h6 6.Be3 Ne4 7.Qg4 Kf8 8.a3 Bxc3+
9.bxc3 c5 10.Bd3 Nxc3 11.dxc5 Nc6 12.Nf3 f5 13.exf6 Qxf6 14.Qh5 e5 15.Bg6 Kg8
16.O-O Be6 17.Rae1 Rd8 18.Bd2 Ne4 19.c4 Nxd2 20.Nxd2 Qg5  1/2-1/2

[Event "zt 1.1"]
[Site "Mondariz ESP"]
[Date "2000.09.11"]
[Round "8"]
[White "Vallejo Pons,F"]
[Black "Parker,J"]
[Result "1/2-1/2"]
[WhiteElo "2554"]
[BlackElo "2539"]

1.d4 Nf6 2.c4 e6 3.Nc3 Bb4 4.Bg5 c5 5.d5 d6 6.e3 exd5 7.cxd5 Nbd7 8.Bb5 h6
9.Bh4 O-O 10.Ne2 Ne5 11.a3 Ba5 12.O-O Ng6 13.Bg3 Nh5 14.Rb1 a6 15.Bd3 Nxg3
16.hxg3 Ne5 17.b4 cxb4 18.axb4 Bb6 19.b5 axb5 20.Nxb5 Bc5 21.Nec3 Bg4 22.Be2 Bf5
23.Rb3 Qe7 24.Re1 Bg6 25.Kh2 Nd7 26.Kg1 Ne5 27.Kf1 Rfe8 28.Nd4 Ra3 29.Rxa3 Bxa3
30.Qa4 Bc5 31.Nb3 Nd3 32.Bxd3 Bxd3+ 33.Kg1 Bc2 34.Re2 Bxb3 35.Qxb3 Ra8 36.Ra2 Rxa2
37.Nxa2 Qe5 38.Nc3 b6 39.Kf1 Qf5 40.Qb1 Qf6 41.Qd3 Bb4 42.Nb5 Qa1+ 43.Ke2 Qa2+
44.Kf1 Qa1+ 45.Ke2 g6 46.g4 Qa2+ 47.Kf1 Qa1+ 48.Ke2 Qa2+ 49.Kf1 Bc5 50.Nc3 Qb3  1/2-1/2

[Event "zt 1.1"]
[Site "Mondariz ESP"]
[Date "2000.09.12"]
[Round "9"]
[White "Vallejo Pons,F"]
[Black "Comas Fabrego,L"]
[Result "1/2-1/2"]
[WhiteElo "2554"]
[BlackElo "2516"]

1.e4 c5 2.Nf3 e6 3.c4 Nc6 4.Nc3 Nf6 5.Be2 b6 6.O-O Bb7 7.d4 cxd4 8.Nxd4 Qb8
9.Be3 Bb4 10.f3 O-O 11.Rc1 Bd6 12.f4 Nxd4 13.Qxd4 e5 14.Qd2 Bb4 15.fxe5 Qxe5
16.Bd4  1/2-1/2

[Event "zt 1.1"]
[Site "Mondariz ESP"]
[Date "2000.09.13"]
[Round "10"]
[White "Dorfman,J"]
[Black "Vallejo Pons,F"]
[Result "1-0"]
[WhiteElo "2600"]
[BlackElo "2554"]

1.c4 e5 2.Nc3 Nf6 3.Nf3 Nc6 4.e3 Bb4 5.Qc2 d6 6.d3 O-O 7.Bd2 Re8 8.Be2 Bf5
9.a3 Bxc3 10.Bxc3 e4 11.Nd2 d5 12.Bxf6 Qxf6 13.cxd5 Nd4 14.Qc3 exd3 15.Bxd3 Nf3+
16.Nxf3 Qxc3+ 17.bxc3 Bxd3 18.O-O-O Be4 19.Rd2 Rad8 20.Rhd1 Rd6 21.Ne1 g5
22.c4 c6 23.f3 Bg6 24.e4 f5 25.exf5 Bxf5 26.Nc2 Kf7 27.Nd4 Bg6 28.dxc6 bxc6
29.Nb3 Rxd2 30.Rxd2 Re1+ 31.Kb2 Kf6 32.Kc3 Rh1 33.h3 Ke5 34.Nd4 c5 35.Nb3 Kf4
36.Nxc5 Ke3 37.Ne4 Rc1+ 38.Rc2 Rb1 39.Rb2 Rc1+ 40.Kb4 Bxe4 41.fxe4 Kxe4 42.Rd2 h5
43.Rd5 Kf4 44.c5 Rb1+ 45.Kc4 g4 46.hxg4 hxg4 47.Rd3 Ke5 48.Re3+ Kf4 49.Rb3 Rd1
50.g3+ Ke4 51.c6 Rd6 52.Kb5 Rd5+ 53.Ka6  1-0

[Event "zt 1.1"]
[Site "Mondariz ESP"]
[Date "2000.09.14"]
[Round "11"]
[White "De la Riva Aguado,O"]
[Black "Vallejo Pons,F"]
[Result "1-0"]
[WhiteElo "2462"]
[BlackElo "2554"]

1.e4 e6 2.d4 d5 3.Nc3 Nf6 4.e5 Nfd7 5.Nce2 c5 6.c3 Nc6 7.f4 cxd4 8.cxd4 Nb6
9.Nf3 a5 10.Nc3 Bd7 11.Bd3 a4 12.O-O g6 13.g4 Nc4 14.Rf2 b5 15.f5 gxf5 16.gxf5 Rg8+
17.Kh1 Qb6 18.Bf1 h6 19.Bh3 Qb7 20.Bf4 b4 21.Nxa4 Rxa4 22.fxe6 fxe6 23.Qxa4 Nxd4
24.Qd1 Nxf3 25.Qxf3 Bc6 26.Qh5+ Kd8 27.Bg3 d4+ 28.Kg1 Qd7 29.Rc1 Ne3 30.Qf7 Qxf7
31.Rxf7 d3 32.Rxc6 d2 33.Rxf8+  1-0

[Event "34th Olympiad"]
[Site "Istanbul TUR"]
[Date "2000.10.29"]
[Round "2"]
[White "Ovezov,A"]
[Black "Vallejo Pons,F"]
[Result "1-0"]
[WhiteElo "2366"]
[BlackElo "2554"]

1.e4 e6 2.d4 d5 3.Nc3 Nf6 4.e5 Nfd7 5.f4 c5 6.dxc5 Bxc5 7.Qg4 g6 8.Nf3 Nc6
9.Bd2 a6 10.a3 Qe7 11.Bd3 f6 12.exf6 Nxf6 13.Qg5 Bd7 14.O-O-O O-O 15.Rde1 Qg7
16.Ne5 Be7 17.Nxd7 Nxd7 18.Qg4 Nc5 19.Rxe6 d4 20.Bc4 Kh8 21.Ne4 Nxe6 22.Bxe6 Rae8
23.Rf1 Bf6 24.h4 Bxh4 25.Rh1 Bf6 26.Qh3 Nd8 27.Bd5 Nc6 28.g4 Qd7 29.f5 gxf5
30.gxf5 Re7 31.Be6 Rxe6  1-0

[Event "34th Olympiad"]
[Site "Istanbul TUR"]
[Date "2000.10.29"]
[Round "2"]
[White "Ovezov,A"]
[Black "Vallejo Pons,F"]
[Result "1-0"]
[WhiteElo "2366"]
[BlackElo "2554"]

1.e4 e6 2.d4 d5 3.Nc3 Nf6 4.e5 Nfd7 5.f4 Bc5 6.Qg4 g6 7.Nf3 Nc6 8.Bd2 a6
9.a3 Qe7 10.Bd3 Nf6 11.Qxe6 fxe6 12.O-O-O Bd7 13.Rde1 O-O 14.Bc4 Kh8 15.Ne4 Rae8
16.Ref1 Qg7 17.h4 Nd8 18.Bxd5 Nc6 19.f5 Re7 20.Bxe6 Rxe6  1-0

[Event "34th Olympiad"]
[Site "Istanbul TUR"]
[Date "2000.11.02"]
[Round "6"]
[White "Vallejo Pons,F"]
[Black "Avrukh,B"]
[Result "0-1"]
[WhiteElo "2554"]
[BlackElo "2625"]

1.e4 c5 2.Nf3 d6 3.d4 cxd4 4.Nxd4 Nf6 5.Nc3 Nc6 6.Be2 e5 7.Nf3 h6 8.O-O Be7
9.Re1 O-O 10.h3 a6 11.b3 Be6 12.Bb2 Qa5 13.a3 Rfc8 14.Bf1 Nb8 15.Rc1 Rxc3
16.Qd2 Rc5 17.b4 Qb6 18.bxc5 Qxb2 19.cxd6 Bd8 20.Qb4 Qxb4 21.axb4 Nc6 22.b5 axb5
23.Bxb5 Rc8 24.Ra1 Na5 25.Nxe5 Rc5 26.Bd3 Rxe5 27.f4 Rc5 28.f5 Bc8 29.e5 Ne8
30.g4 Kf8 31.Rab1 Nc6 32.Rb5 f6 33.exf6 Bxf6 34.d7 Bd4+ 35.Kf1 Nc7 36.h4 Ne5
37.g5 Nxd3 38.Rb6 Ne8  0-1

[Event "34th Olympiad"]
[Site "Istanbul TUR"]
[Date "2000.11.10"]
[Round "13"]
[White "Degraeve,JM"]
[Black "Vallejo Pons,F"]
[Result "1-0"]
[WhiteElo "2540"]
[BlackElo "2554"]

1.e4 e6 2.d4 d5 3.Nc3 Nf6 4.Bg5 Bb4 5.e5 h6 6.Be3 Ne4 7.Qg4 Kf8 8.a3 Bxc3+
9.bxc3 c5 10.Bd3 Nxc3 11.dxc5 Nc6 12.Nf3 f6 13.exf6 Qxf6 14.Qh5 e5 15.Bg6 Be6
16.O-O Bf7 17.Nh4 Re8 18.f4 e4 19.f5 d4 20.Bd2 Na4 21.Bf4 Kg8 22.Bd6 Nc3
23.Rfe1 Ne5 24.Bc7 Qg5 25.Bxf7+ Nxf7 26.Qxg5 hxg5 27.Ng6 Rh5 28.Ba5 g4 29.Bxc3 dxc3
30.Rab1 Rxf5 31.Rxb7 Rxc5 32.Ne7+ Kh7 33.Rxe4 Nh6 34.Rxa7 Rb5 35.Rc7 Rb1+
36.Kf2 Rf8+ 37.Kg3 Rf7 38.Rf4 Rxf4 39.Kxf4 Re1 40.Nd5 Rf1+ 41.Kg3 Nf5+ 42.Kxg4 Nd4
43.Rxc3 Rf2 44.Ne3  1-0

[Event "Open"]
[Site "Mallorca ESP"]
[Date "2000.12.03"]
[Round "2"]
[White "Barcelo,P"]
[Black "Vallejo Pons,F"]
[Result "0-1"]
[WhiteElo "2243"]
[BlackElo "2554"]

1.Nf3 d5 2.d4 c5 3.dxc5 e6 4.c4 Bxc5 5.cxd5 exd5 6.e3 Nf6 7.Be2 O-O 8.O-O Qe7
9.Nc3 Rd8 10.Nb5 Ne4 11.Nbd4 Nc6 12.Nxc6 bxc6 13.Nd4 Rd6 14.Bg4 Rg6 15.Bxc8 Rxc8
16.Nf3 Qf6 17.Kh1 Re8 18.Rb1 Rh6 19.Bd2 Bd6 20.h3 Qf5 21.Nh2 Bxh2 22.Kxh2 Nxf2
23.Qe2 Rxh3+ 24.gxh3 Qxh3+  0-1

[Event "Open"]
[Site "Mallorca ESP"]
[Date "2000.12.04"]
[Round "3"]
[White "Vallejo Pons,F"]
[Black "Vassallo,M"]
[Result "0-1"]
[WhiteElo "2554"]
[BlackElo "2431"]

1.e4 g6 2.d4 Bg7 3.Nc3 d6 4.Be3 a6 5.Qd2 b5 6.f3 Bb7 7.a4 c6 8.Nh3 Nd7 9.Be2 Ngf6
10.g4 e5 11.Rd1 b4 12.Na2 a5 13.dxe5 dxe5 14.Nc1 Qc7 15.Nb3 Bf8 16.Bc4 Ba6
17.Bxa6 Rxa6 18.Qd3 Ra8 19.Rf1 Be7 20.Ke2 Nf8 21.g5 N6d7 22.f4 exf4 23.Bxf4 Qa7
24.Bd6 Qa6 25.Nf4 Bxg5 26.Qxa6 Rxa6 27.Bxf8 Nxf8 28.Nc5 Ra7 29.Rd6 Rc7 30.Na6 Rc8
31.e5 Bxf4 32.Rxf4 Ne6 33.Rc4 Ke7 34.Nc5 Rhd8 35.Nb7 Rxd6 36.exd6+ Kd7 37.Nxa5 c5
38.c3 bxc3 39.Rxc3  0-1

[Event "Open"]
[Site "Mallorca ESP"]
[Date "2000.12.05"]
[Round "4"]
[White "Vilar Lopez,M"]
[Black "Vallejo Pons,F"]
[Result "0-1"]
[WhiteElo "2131"]
[BlackElo "2554"]

1.e4 c5 2.Nc3 a6 3.g3 b5 4.d3 Bb7 5.Bg2 e6 6.Nf3 d6 7.O-O Nd7 8.Qe2 Qc7 9.b3 Be7
10.Bb2 Ngf6 11.a4 b4 12.Nd1 O-O 13.Ne3 Rfe8 14.e5 dxe5 15.Nxe5 Bxg2 16.Nxg2 Nd5
17.Nc4 Bf6 18.Bxf6 N7xf6 19.Nge3 Ne7 20.Ng4 Nfd5 21.Nge5 Nf5 22.f4 Rad8 23.Rae1 f6
24.Nf3 h5 25.Qf2 h4 26.Nxh4 Nxh4 27.gxh4 Kf7 28.Qf3 Rh8 29.Qg4 Rde8 30.Re2 Rh6
31.Rg2 g6 32.Kh1 Ne7 33.Ne3 Reh8 34.f5 gxf5 35.Qg7+ Ke8 36.Rff2 Qe5 37.Re2 R8h7
38.Ng4 Rxg7 39.Nxe5 Rxg2 40.Kxg2  0-1

[Event "Open"]
[Site "Mallorca ESP"]
[Date "2000.12.06"]
[Round "5"]
[White "Vallejo Pons,F"]
[Black "Teran Alvarez,I"]
[Result "1-0"]
[WhiteElo "2554"]
[BlackElo "2347"]

1.d4 f5 2.g3 Nf6 3.Bg2 e6 4.c4 Be7 5.Nf3 O-O 6.O-O c6 7.b3 a5 8.Nc3 d5 9.Qc2 Ne4
10.Bb2 Nd7 11.e3 Qe8 12.Nxe4 fxe4 13.Nd2 b5 14.cxd5 cxd5 15.Nxe4 dxe4 16.Bxe4 Ra6
17.Bxh7+ Kh8 18.Bg6 Qd8 19.Qe2 Nf6 20.e4 e5 21.dxe5 Ng4 22.e6 Nh6 23.Rad1 Qb6
24.Qh5 Kg8 25.Bf5 Bxe6 26.Qg6 Rf7 27.Qh7+ Kf8 28.Qh8+ Ng8 29.Bh7 Rf6 30.Bxf6 Bxf6
31.e5 Be7 32.Rd3 Qc6 33.Rfd1 Ra8 34.Rd4 Bg5 35.Be4 Qc8 36.Bxa8 Qxa8 37.Qh5 Be7
38.Rf4+ Bf6 39.exf6 Nxf6 40.Rxf6+  1-0

[Event "Open"]
[Site "Mallorca ESP"]
[Date "2000.12.07"]
[Round "6"]
[White "Franco Ocampos,Z"]
[Black "Vallejo Pons,F"]
[Result "1/2-1/2"]
[WhiteElo "2512"]
[BlackElo "2554"]

1.c4 e5 2.g3 Nf6 3.Bg2 d5 4.cxd5 Nxd5 5.Nf3 Nc6 6.O-O Be7 7.d4 e4 8.Ne5 f5
9.Nxc6 bxc6 10.Qa4 Qd7 11.Nc3 Nb6 12.Qb3 Ba6  1/2-1/2

[Event "Open"]
[Site "Mallorca ESP"]
[Date "2000.12.08"]
[Round "7"]
[White "Vallejo Pons,F"]
[Black "Zlotnik,B"]
[Result "1-0"]
[WhiteElo "2554"]
[BlackElo "2419"]

1.Nf3 Nf6 2.c4 d6 3.Nc3 Bg4 4.d4 Bxf3 5.gxf3 c6 6.e4 e5 7.f4 Nbd7 8.Be3 Be7
9.Rg1 O-O 10.Bh3 exf4 11.Bxf4 Re8 12.Qf3 c5 13.dxc5 Ne5 14.Qg2 Nd3+ 15.Kd2 Nh5
16.Bh6 Ne5 17.Bxg7 Nf4 18.Qg3 Nh5 19.Bxe5+ Nxg3 20.Bxg3 Kh8 21.Nd5 Bf6 22.Bf5 Be5
23.Kc2 dxc5 24.Rad1 a6 25.Rd3 b5 26.Bxh7 Bg7 27.Bf5 bxc4 28.Re3 Re6 29.Bxe6 fxe6
30.Be5 Ra7 31.Rh3+ Kg8 32.Nf6+ Kf7 33.Nd7 Bf8 34.Rf3+ Ke7 35.Bf6+  1-0

[Event "Open"]
[Site "Mallorca ESP"]
[Date "2000.12.09"]
[Round "8"]
[White "Vallejo Pons,F"]
[Black "Kovacevic,A"]
[Result "1-0"]
[WhiteElo "2554"]
[BlackElo "2513"]

1.d4 Nf6 2.Nf3 c5 3.d5 g6 4.Nc3 Bg7 5.e4 d6 6.Bb5+ Nfd7 7.a4 Na6 8.O-O Nc7
9.Bc4 O-O 10.Re1 a6 11.Bf4 Rb8 12.a5 b5 13.axb6 Nxb6 14.Bf1 Bg4 15.h3 Bxf3
16.Qxf3 Nd7 17.Nd1 Ne5 18.Qg3 f5 19.c4 e6 20.Bg5 Qd7 21.f4 Nf7 22.exf5 exf5
23.Re7 Qc8 24.Bh4 Re8 25.Qe1 Qb7 26.Ra3 Kf8 27.Rxe8+ Rxe8 28.Qa5 Bd4+ 29.Kh1 Re4
30.Rf3 h6 31.Bd3 Re8 32.Kh2 Rc8 33.Qd2 Ne8 34.Rg3 Nh8 35.b4 Qxb4 36.Qe2 Qb7
37.Qe6 Bg7 38.Re3 g5 39.fxg5 hxg5 40.Bxg5 Nf7  1-0

[Event "Open"]
[Site "Mallorca ESP"]
[Date "2000.12.10"]
[Round "9"]
[White "Herraiz Lopez,H"]
[Black "Vallejo Pons,F"]
[Result "0-1"]
[WhiteElo "2415"]
[BlackElo "2554"]

1.Nf3 d5 2.d4 Nf6 3.c4 c6 4.e3 Bf5 5.cxd5 cxd5 6.Qb3 Qc7 7.Na3 e6 8.Bd2 Nc6
9.Rc1 Nd7 10.Bb5 Be7 11.Qa4 Rc8 12.Bxc6 bxc6 13.Bb4 Bxb4+ 14.Qxb4 Qb6 15.Qxb6 axb6
16.Kd2 Ke7 17.Nh4 Bg4 18.f3 g5 19.h3 Bh5 20.g4 Bg6 21.Ng2 h5 22.gxh5 Bxh5
23.Ne1 e5 24.Rg1 f6 25.Rg3 Bf7 26.Nd3 exd4 27.exd4 Rh4 28.f4 gxf4 29.Rf3 Bh5
30.Rxf4 Rxh3 31.Nb4 Rh2+ 32.Ke3 Rg8 33.Nxc6+ Ke6  0-1

[Event "GMA"]
[Site "Dos Hermanas ESP"]
[Date "2001.04.24"]
[Round "6"]
[White "Almasi,Z"]
[Black "Vallejo Pons,F"]
[Result "1-0"]
[WhiteElo "2640"]
[BlackElo "2559"]

1.e4 e5 2.Nc3 Nc6 3.g3 g6 4.Bg2 Bg7 5.d3 d6 6.Nge2 f5 7.exf5 Bxf5 8.O-O Nge7
9.Bg5 Qd7 10.b4 a6 11.Bxe7 Nxe7 12.Bxb7 Rb8 13.Bg2 Rxb4 14.Rb1 Rxb1 15.Qxb1 Bh3
16.Bxh3 Qxh3 17.Qb3 Qd7 18.Nd5 Nxd5 19.Qxd5 c6 20.Qc4 d5 21.Qxa6 O-O 22.Qa4 Qb7
23.Nc1 Ra8 24.Qg4 Kh8 25.Qe6 Qb6 26.Nb3 Qb5 27.c4 Qb7 28.Nc5 Qb6 29.Nd7 Qc7
30.Nc5 Bf8 31.Nd7 Bg7 32.Rc1 Rd8 33.Nc5 Qa7 34.Qxc6 dxc4 35.Ne6 Rb8 36.Rxc4 Bh6
37.Ra4 Qe7 38.Ra8  1-0

[Event "GMA"]
[Site "Dos Hermanas ESP"]
[Date "2001.04.27"]
[Round "9"]
[White "Vallejo Pons,F"]
[Black "Illescas Cordoba,M"]
[Result "1-0"]
[WhiteElo "2559"]
[BlackElo "2562"]

1.e4 e5 2.Nf3 Nc6 3.Bb5 Nf6 4.d3 d6 5.O-O Bd7 6.c3 g6 7.Re1 Bg7 8.Nbd2 O-O
9.Nf1 h6 10.Bd2 Nh5 11.Ba4 a6 12.h3 b5 13.Bc2 Qf6 14.Ne3 Nf4 15.h4 Ne7 16.g3 Nh3+
17.Kg2 g5 18.hxg5 hxg5 19.Qe2 Bh6 20.Nh2 Qg6 21.Rh1 g4 22.Nexg4 Bxd2 23.Qxd2 f5
24.exf5 Nxf5 25.Kxh3 Nh6 26.Bd1 Rf7 27.Kg2 Bc6+ 28.Kg1 Nf5 29.Bb3 Kg7 30.Bxf7 Kxf7
31.d4 Rh8 32.d5 Bb7 33.Rd1 Qh5 34.Qe2 Ke7 35.Rd2 c6 36.Nxe5 Qxe2 37.Rxe2 dxe5
38.Rxe5+  1-0

[Event "XXXVI Capablanca Mem Elite"]
[Site "Havana CUB"]
[Date "2001.05.07"]
[Round "3"]
[White "Vallejo Pons,F"]
[Black "Nogueiras,J"]
[Result "1-0"]
[WhiteElo "2559"]
[BlackElo "2557"]

1.e4 e6 2.d4 d5 3.Nc3 Bb4 4.e5 Ne7 5.a3 Bxc3+ 6.bxc3 c5 7.Qg4 Kf8 8.Bd2 Qc7
9.Bd3 b6 10.Nh3 Ba6 11.O-O Bxd3 12.cxd3 Nd7 13.Nf4 Qc6 14.Nh5 g6 15.Bh6+ Ke8
16.Ng7+ Kd8 17.Qh4 Rg8 18.Bg5 Rxg7 19.Bxe7+ Kc7 20.Qh6 Rgg8 21.Qxh7 Rae8
22.Qxf7 c4 23.dxc4 dxc4 24.a4 a6 25.Rab1 Kb7 26.Rb4 Ka8 27.Bd6 g5 28.f3 Kb7
29.h3 Kc8 30.Rfb1 Rh8 31.Qg6 Kb7 32.Rxb6+ Qxb6 33.Qe4+ Ka7 34.Rxb6 Kxb6 35.a5+  1-0

[Event "XXXVI Capablanca Mem Elite"]
[Site "Havana CUB"]
[Date "2001.05.10"]
[Round "5"]
[White "Vallejo Pons,F"]
[Black "Nataf,IA"]
[Result "1/2-1/2"]
[WhiteElo "2559"]
[BlackElo "2552"]

1.e4 c5 2.Nc3 Nc6 3.Nge2 e5 4.Nd5 Nge7 5.Nec3 Nxd5 6.Nxd5 Be7 7.g3 d6 8.Bg2 h5
9.d3 Bg4 10.f3 Be6 11.c3 h4 12.Be3 Qd7 13.f4 exf4 14.gxf4 h3 15.Bf3 Bh4+
16.Kd2 Bxd5 17.exd5 Ne7 18.Rf1 Bf6 19.Rb1 b5 20.Be4 Nf5 21.Bg1 g6 22.Qg4 Rh4
23.Qf3 Kf8 24.Bf2 Rh5 25.Rfc1 a5 26.a3 Kg7 27.Rg1 Kf8 28.Rgc1 Kg7 29.Rg1 Kf8  1/2-1/2

[Event "XXXVI Capablanca Mem Elite"]
[Site "Havana CUB"]
[Date "2001.05.14"]
[Round "8"]
[White "Luther,T"]
[Black "Vallejo Pons,F"]
[Result "1/2-1/2"]
[WhiteElo "2568"]
[BlackElo "2559"]

1.e4 e6 2.d4 d5 3.exd5 exd5 4.Nf3 Nc6 5.Bb5 Bd6 6.c4 dxc4 7.d5 a6 8.Ba4 b5
9.dxc6 bxa4 10.O-O Ne7 11.Qxa4 O-O 12.Nbd2 c3 13.bxc3 Qe8 14.Nd4 Bb7 15.Nc4 Nxc6
16.Nxd6 cxd6 17.Nxc6 Qxc6 18.Qxc6  1/2-1/2

[Event "XXXVI Capablanca Mem Elite"]
[Site "Havana CUB"]
[Date "2001.05.18"]
[Round "12"]
[White "Stefansson,H"]
[Black "Vallejo Pons,F"]
[Result "1/2-1/2"]
[WhiteElo "2570"]
[BlackElo "2559"]

1.c4 Nc6 2.Nc3 e5 3.Nf3 Nf6 4.g3 Nd4 5.Bg2 Nxf3+ 6.Bxf3 Bb4 7.Qb3 Bc5 8.d3 c6
9.O-O O-O 10.Bg2 h6 11.Bd2 Re8 12.h3 b6 13.Qa4 a5 14.Qb3 Rb8 15.Na4 Bd6 16.c5 bxc5
17.Qc2 Rb5 18.Be3 Nd5 19.Bxc5 Bxc5 20.Nxc5 d6 21.Ne4 c5 22.Nc3 Nb4 23.Qd2 Rb8  1/2-1/2

[Event "2nd IECC"]
[Site "Ohrid MKD"]
[Date "2001.06.01"]
[Round "1"]
[White "Vallejo Pons,F"]
[Black "Khruschiov,A"]
[Result "1-0"]
[WhiteElo "2559"]
[BlackElo "2400"]

1.e4 e5 2.Nf3 Nc6 3.Bb5 a6 4.Ba4 Nf6 5.O-O Be7 6.Re1 b5 7.Bb3 O-O 8.h3 Bb7
9.d3 d6 10.a3 Re8 11.Nc3 h6 12.Be3 Bf8 13.Nh2 Nd4 14.Ba2 Ne6 15.Ng4 c6 16.Rf1 Nf4
17.d4 N6h5 18.g3 Nxh3+ 19.Kg2 Ng5 20.Nxh6+ gxh6 21.Qxh5 d5 22.dxe5 Qc7 23.f4 Nxe4  1-0

[Event "2nd IECC"]
[Site "Ohrid MKD"]
[Date "2001.06.02"]
[Round "2"]
[White "Rublevsky,S"]
[Black "Vallejo Pons,F"]
[Result "1/2-1/2"]
[WhiteElo "2657"]
[BlackElo "2559"]

1.e4 e5 2.Nf3 Nf6 3.d4 Nxe4 4.Bd3 d5 5.Nxe5 Nd7 6.Nxd7 Bxd7 7.O-O Bd6 8.c4 c6
9.cxd5 cxd5 10.Nc3 Nxc3 11.bxc3 O-O 12.Qh5 g6 13.Qxd5 Qc7 14.Qf3 Bxh2+ 15.Kh1 Bd6
16.c4 Rfe8 17.c5 Bf8 18.Be4 Bc6 19.d5 Bb5 20.d6 Qxc5 21.Bd5 Bg7 22.Ba3 Qc3
23.Bxf7+ Kh8 24.Qxc3 Bxc3 25.Bxe8 Bxf1 26.Rc1 Rxe8 27.Rxc3 Rd8 28.Rc7 Kg8
29.Rxb7 Bc4 30.Re7 a6 31.Bb4 Bb5 32.Kh2 Rd7 33.Re5 Kf7 34.Kg3 Bc4 35.a3 Rb7
36.Kf4 Be6 37.Ra5 Rb6 38.Ke4 Rc6 39.Bc5 Ke8 40.Ke5 Kd7 41.Kf6 Bf5 42.f3 h5
43.Bb4 Rc2 44.Rxa6 Rxg2 45.Ra7+ Kc8 46.Rc7+ Kb8 47.Rh7 Kc8 48.Rc7+ Kb8 49.Bc5 Rg3
50.f4 Rf3 51.Ke5 Rd3 52.a4 h4 53.a5 h3 54.Rh7 Bc8 55.Ba7+ Ka8 56.Bd4 Ra3
57.Bb6 Rd3 58.Bc5 Rc3 59.Bb4 Rc4 60.Bd2 Rc5+ 61.Kf6 Rh5 62.d7 Bxd7 63.Rxd7 h2
64.Rd8+ Kb7 65.a6+ Kxa6 66.Ra8+ Kb7 67.Ra1 h1=Q 68.Rxh1 Rxh1 69.Ke5  1/2-1/2

[Event "2nd IECC"]
[Site "Ohrid MKD"]
[Date "2001.06.05"]
[Round "5"]
[White "Vallejo Pons,F"]
[Black "Macieja,B"]
[Result "1/2-1/2"]
[WhiteElo "2559"]
[BlackElo "2608"]

1.e4 c6 2.d4 d5 3.Nc3 dxe4 4.Nxe4 Nd7 5.Ng5 Ngf6 6.Bd3 e6 7.N1f3 Bd6 8.Qe2 h6
9.Ne4 Nxe4 10.Qxe4 Qc7 11.O-O b6 12.Qg4 g5 13.Qh3 Rg8 14.Nd2 Bb7 15.Nc4 O-O-O
16.c3 c5 17.a4 Bf4 18.Re1 Nf6 19.Be3 Kb8 20.a5  1/2-1/2

[Event "2nd IECC"]
[Site "Ohrid MKD"]
[Date "2001.06.06"]
[Round "6"]
[White "Aleksandrov,A"]
[Black "Vallejo Pons,F"]
[Result "1/2-1/2"]
[WhiteElo "2610"]
[BlackElo "2559"]

1.d4 d5 2.c4 c6 3.e3 Nf6 4.Bd3 e5 5.dxe5 dxc4 6.Be2 Qxd1+ 7.Bxd1 Nfd7 8.Nf3 Nc5
9.Be2 b5 10.O-O Nbd7 11.Nd4 Nxe5 12.f4 Ned3 13.b3 Ne6 14.Bxd3 Nxd4 15.bxc4 bxc4
16.Be4 f5 17.exd4 fxe4 18.Re1 Bf5 19.Be3 Bb4 20.Bd2 Be7 21.Bc3 O-O-O 22.Nd2 Bf6
23.Nxc4 c5 24.Rac1 cxd4 25.Ba5 Kb8 26.Bxd8 Rxd8 27.g4 Bxg4 28.Rxe4 Bf5 29.Ree1 d3
30.Nd2 h5 31.Kg2 Rd4 32.Rc4 Rd6 33.Rb1+ Ka8 34.Ne4 Rc6 35.Rcb4 a5 36.Rb8+ Ka7
37.Nxf6 Rxf6 38.R8b5 Ka6 39.Re5 g6 40.Re8 Ka7 41.Re5 Ka6 42.Kf2 Rd6 43.Ke3 d2
44.Rd1 Rd3+ 45.Ke2 Rh3 46.Rxd2 Rxh2+ 47.Ke3 Rxd2 48.Kxd2 h4 49.Ke3 h3 50.Kf3 a4
51.Kg3 Kb6 52.a3 Ka6 53.Rc5 Kb6 54.Rc4 Kb5 55.Rd4 Be6 56.Rb4+ Ka5 57.Rb2 Bf5
58.Kf3 Bd7 59.Rd2 Bf5 60.Ke3 Kb5 61.Kd4 Bg4 62.Rb2+ Ka5 63.Rf2 Bf5 64.Kd5 Bg4
65.Kc5 Bf5 66.Re2 Bg4 67.Rb2 Bf3 68.Rb5+ Ka6 69.Rb6+ Ka7 70.Rxg6  1/2-1/2

[Event "2nd IECC"]
[Site "Ohrid MKD"]
[Date "2001.06.09"]
[Round "8"]
[White "Sturua,Z"]
[Black "Vallejo Pons,F"]
[Result "0-1"]
[WhiteElo "2600"]
[BlackElo "2559"]

1.d4 d5 2.c4 c6 3.Nf3 Nf6 4.e3 Bf5 5.Nc3 e6 6.Nh4 Be4 7.f3 Bg6 8.Qb3 Qc7
9.Bd2 Nbd7 10.Rc1 Nb6 11.cxd5 exd5 12.g4 Be7 13.g5 Nh5 14.f4 Qd7 15.Rg1 Qe6
16.Kd1 O-O 17.Nxg6 hxg6 18.Na4 Nxa4 19.Qxa4 Rfc8 20.Be2 Qh3 21.Bg4 Qxh2 22.Kc2 Re8
23.Rh1 Qg2 24.Rcg1 Qe4+ 25.Kc1 c5 26.Bxh5 gxh5 27.Rxh5 g6 28.Rh3 Bf8 29.Bc3 Bg7
30.Rd1 Rac8 31.Qxa7 cxd4 32.exd4 Ra8 33.Qxb7 Rxa2 34.Rhd3 Ra1+  0-1

[Event "2nd IECC"]
[Site "Ohrid MKD"]
[Date "2001.06.11"]
[Round "10"]
[White "Zvjaginsev,V"]
[Black "Vallejo Pons,F"]
[Result "1/2-1/2"]
[WhiteElo "2627"]
[BlackElo "2559"]

1.d4 d5 2.c4 c6 3.Nf3 Nf6 4.Nc3 e6 5.Bg5 h6 6.Bxf6 Qxf6 7.Qb3 Nd7 8.Rd1 Qd8
9.e4 dxe4 10.Nxe4 Qa5+ 11.Nc3 e5 12.dxe5 Nxe5 13.Be2 Nxf3+ 14.Bxf3 Bb4 15.O-O Bxc3
16.bxc3 O-O 17.Rfe1 Qc5 18.Qb4 Qxb4 19.cxb4 Be6 20.c5 a5 21.a3 axb4 22.axb4 Rfc8
23.b5 Ra5 24.bxc6 bxc6 25.Re5 Bd5 26.Bxd5 cxd5 27.Rexd5  1/2-1/2

[Event "2nd IECC"]
[Site "Ohrid MKD"]
[Date "2001.06.12"]
[Round "11"]
[White "Vallejo Pons,F"]
[Black "Kozul,Z"]
[Result "1-0"]
[WhiteElo "2559"]
[BlackElo "2595"]

1.e4 c5 2.Nf3 Nc6 3.d4 cxd4 4.Nxd4 Qb6 5.Nb3 Nf6 6.Nc3 e6 7.Be3 Qc7 8.a3 a6
9.f4 d6 10.g4 b5 11.Qe2 Rb8 12.Bg2 Be7 13.h4 b4 14.axb4 Nxb4 15.g5 Nd7 16.h5 Nb6
17.Na5 O-O 18.O-O d5 19.Rf2 Rd8 20.Bd4 Bc5 21.Be5 Qa7 22.Kh1 Ra8 23.Rff1 d4
24.Na2 Nxa2 25.Rxa2 Bd7 26.Nb3 Na4 27.Qg4 Bb5 28.Rf3 Bf8 29.g6 d3 30.cxd3 Rac8
31.Rg3 Rxd3 32.gxf7+ Qxf7 33.Rxd3 Bxd3 34.Rxa4 Bc2 35.Qh3 Bxb3 36.Qxb3 Qxh5+
37.Qh3 Qd1+ 38.Kh2 Rc2 39.Rd4 Qf1 40.Qxe6+ Kh8  1-0

[Event "Rapidplay"]
[Site "Villarrobledo ESP"]
[Date "2001.08.18"]
[Round "2"]
[White "Vallejo Pons,F"]
[Black "Safranska,A"]
[Result "1-0"]
[WhiteElo "2630"]
[BlackElo "2330"]

1.e4 g6 2.d4 d6 3.Nc3 Nf6 4.Bg5 Bg7 5.Qd2 h6 6.Bh4 g5 7.Bg3 Nh5 8.O-O-O c6
9.Kb1 Nxg3 10.hxg3 Nd7 11.f4 e5 12.Nf3 gxf4 13.gxf4 exf4 14.Qxf4 Qf6 15.Qh2 Qe7
16.Bc4 Nb6 17.Bb3 Bg4 18.a4 O-O-O 19.a5 Nd7 20.a6 bxa6 21.Rhf1 Rhf8 22.Nh4 Nb6
23.Nf5 Bxf5 24.Rxf5 Rd7 25.Qg1 Qh4 26.Qf1 Kb8 27.Qxa6 Re7 28.Rf3 Rb7 29.Qd3 Qg5
30.Rg3 Qf6 31.e5 dxe5 32.Ne4 Qf4 33.Rxg7 exd4 34.Rf1 Qe5 35.Qg3 Qxg3 36.Nxg3 f6
37.Rxb7+ Kxb7 38.Ne4 Nd7 39.Rd1 c5 40.Ba4 f5 41.Nd6+ Kc7 42.Nb5+ Kb6 43.Nxd4 Ne5
44.Nf3 Ng4 45.Rd6+ Ka5 46.Bb3 Ne3 47.Nd2 Rc8 48.Nc4+ Nxc4 49.Bxc4 Kb4 50.b3 Rc7
51.Kb2  1-0

[Event "Rapidplay"]
[Site "Villarrobledo ESP"]
[Date "2001.08.18"]
[Round "3"]
[White "Komljenovic,D"]
[Black "Vallejo Pons,F"]
[Result "0-1"]
[WhiteElo "2478"]
[BlackElo "2630"]

1.d4 d5 2.c4 e6 3.Nc3 c6 4.cxd5 exd5 5.Nf3 Bd6 6.Bg5 Qb6 7.Qc2 Na6 8.e3 Ne7
9.Bxe7 Bxe7 10.a3 Bf5 11.Qd2 Nb8 12.Na4 Qd8 13.Bd3 Bg4 14.Ne5 Be6 15.O-O Bd6
16.b4 f6 17.Nf3 Bg4 18.Be2 O-O 19.Nc5 Qe7 20.Qc2 a6 21.Nh4 Bxe2 22.Nf5 Bxh2+
23.Kxh2 Qc7+ 24.Kg1 Bxf1 25.Rxf1 Re8 26.Qd1 b6 27.Nd3 Qd7 28.Qf3 g6 29.Nh6+ Kg7
30.Ng4 Qf5 31.Qg3 h5 32.Nxf6 Qxf6 33.Ne5 Ra7 34.f4 Nd7 35.Rc1 c5 36.bxc5 bxc5
37.Qf3 cxd4 38.exd4 Nxe5 39.dxe5 Qe6 40.Qe3 Rd7 41.Qd4 Rf8 42.Rb1 Rdf7 43.g3 Qg4
44.e6+ Rf6 45.Rb7+ Kh6 46.Rb3 Rxe6 47.Qd2 Qf5 48.Qb4 Rfe8 49.Rb2 Qh3  0-1